000 00679nam a2200289Ia 4500
005 20260324133915.0
008 008 260324s9999 xx 000 0 eng d
020 _a9780429482298
037 _aEBOOK
040 _aCRL
040 _beng
040 _cCRL
041 _2eng
041 _aeng
084 _qCRL
100 _aBrett Kahr
_91142300
245 4 _aThe Legacy of Winnicott
245 0 _bEssays on Infant and Child Mental Health
260 _bTaylor and Francis
260 _c2002
365 _a
365 _b180
856 _uhttp://www.taylorfrancis.com/books/9780429482298
942 _cEBOOK
999 _c1794374
_d1794374